[Event "NOR-ch Seniors-B"]
[Site "Lillehammer"]
[Date "2013.06.29"]
[Round "7"]
[White "Skarsbo, Einar"]
[Black "Guerrero, Ruben"]
[Result "0-1"]
[WhiteElo "1109"]
[BlackElo "993"]
[PlyCount "47"]
[EventDate "2013.06.29"]
[EventType "swiss"]
[EventRounds "9"]
[EventCountry "NOR"]
[SourceTitle "EXT 2017"]
[Source "ChessBase"]
[SourceDate "2016.10.25"]
[SourceVersion "1"]
[SourceVersionDate "2016.10.25"]
[SourceQuality "1"]

1. e4 c5 2. Nf3 Nc6 3. d4 cxd4 4. Nxd4 e5 5. Nb5 d6 6. Bc4 a6 7. N5c3 Nf6 8. 0-0 Be7 9. Nd2 0-0 10. f4 b5 11. Bd5 Bg4 12. Qe1 Rc8 13. h3 Be6 14. f5 Bxd5 15. exd5 Nd4 16. Qd1 b4 17. Ne2 Nxc2 18. Nb3 Nxa1 19. Nxa1 a5 20. Be3 Rc4 21. Ng3 Qa8 22. Nh5 Nxd5 23. Bh6 gxh6 24. Qg4+ 0-1